000 00282nam a22001337a 4500
999 _c534152
_d534152
020 _a9655661482
040 _cMSOHAIL
082 _a954.91
100 _aMiraj Khalid
_928298
245 _aMiraj Nama
260 _aLahore
_bJhangir Box
_cN.D
300 _a408;P
942 _2ddc
_cBK